Charlie Proposes Quiz Stats

 Plays Quiz not verified by Sporcle

Support Sporcle.
Go Orange.
Score 0/74 Timer 04:00
0 Plays Today
% Correct
I
95.8%
AhhhhhooooooOOOOOoooo!
95.8%
m-e-e-e.
95.8%
I
95.8%
I
95.8%
I
95.8%
m-e-e-e?
95.8%
me
95.8%
me.
95.8%
meeeEEEeee!
95.8%
a
91.7%
a
91.7%
marry
91.7%
marry
91.7%
marry
91.7%
that
89.6%
that
89.6%
the
87.5%
you
87.5%
you
87.5%
you
87.5%
little
85.4%
boy,
85.4%
little
85.4%
boy
85.4%
boy,
85.4%
was
83.3%
was
83.3%
was
83.3%
Nightman,
83.3%
in
83.3%
Please
83.3%
Please
83.3%
am,
81.3%
your
81.3%
now,
79.2%
as
79.2%
% Correct
Dayman,
79.2%
now
79.2%
to
79.2%
to
79.2%
will
79.2%
Will
79.2%
on
79.2%
baby
77.1%
ask
77.1%
hand,
77.1%
and
77.1%
this
77.1%
matrimony?
77.1%
say
77.1%
and
77.1%
m-a-a-an!
75%
for
75%
man,
75%
come
75%
yes
75%
but
72.9%
fought
72.9%
so
72.9%
join
72.9%
once
70.8%
thing
70.8%
called
70.8%
do
70.8%
want
68.8%
lived
66.7%
not
66.7%
just
66.7%
I'm
64.6%
here
64.6%
if
64.6%
stage
62.5%
bone
50%

You're not logged in!

Compare scores with friends on all Sporcle quizzes.
OR
Log In

From the Vault

(Parenthetical) Song Titles II

by superfly360

Some of these artists should be fined for their misuse of parentheses.
Remove Ads.
Support Sporcle.
Get the best of Sporcle when you Go Orange. This ad-free experience offers more features, more stats, and more fun while also helping to support Sporcle. Thank you for becoming a member.

Show Comments

Extras

Created Mar 5, 2012ReportNominate
Tags:charlie, marriage

Top Quizzes Today


Score Distribution

Your Account Isn't Verified!

In order to create a playlist on Sporcle, you need to verify the email address you used during registration. Go to your Sporcle Settings to finish the process.

Report this User

Report this user for behavior that violates our Community Guidelines.

Details: